Encyclopaedic studies of North-Eastern states of India : (Record no. 8761)
[ view plain ]
| 000 -LEADER | |
|---|---|
| fixed length control field | 00671cam a2200217ua 4500 |
| 008 - FIXED-LENGTH DATA ELEMENTS--GENERAL INFORMATION | |
| fixed length control field | 160818n ii |||gr||||Z||||||eng |
| 020 ## - INTERNATIONAL STANDARD BOOK NUMBER | |
| International Standard Book Number | 9788186772355 |
| 040 ## - CATALOGING SOURCE | |
| Transcribing agency | MAIN |
| 041 ## - LANGUAGE CODE | |
| -- | eng |
| 082 ## - DEWEY DECIMAL CLASSIFICATION NUMBER | |
| Classification number | 030 |
| 100 ## - MAIN ENTRY--PERSONAL NAME | |
| Personal name | Bora, Swapnali, |
| Relator term | |
| 245 ## - TITLE STATEMENT | |
| Title | Encyclopaedic studies of North-Eastern states of India : |
| Remainder of title | Manipur / |
| Statement of responsibility, etc. | by Swapnali Bora . |
| 250 ## - EDITION STATEMENT | |
| Edition statement | 1st ed. / |
| Remainder of edition statement | Encyclopaedia of Indian states and Union Territories- 3. |
| 260 ## - PUBLICATION, DISTRIBUTION, ETC. | |
| Place of publication, distribution, etc. | New Delhi: |
| Name of publisher, distributor, etc. | New academic publishers, |
| Date of publication, distribution, etc. | 2010. |
| 300 ## - PHYSICAL DESCRIPTION | |
| Extent | 244p. |
| 700 ## - ADDED ENTRY--PERSONAL NAME | |
| Personal name | Tourangbam, Deke, |
| Relator term | |
| 700 ## - ADDED ENTRY--PERSONAL NAME | |
| Personal name | Meitei, A.C., |
| Relator term | |
| 942 ## - ADDED ENTRY ELEMENTS (KOHA) | |
| Koha item type | Books |
| 653 ## - INDEX TERM--UNCONTROLLED | |
| Uncontrolled term | General encyclopedic works |
| Withdrawn status | Lost status | Damaged status | Not for loan | Home library | Current library | Shelving location | Date acquired | Total Checkouts | Full call number | Barcode | Date last seen | Copy number | Price effective from | Koha item type |
|---|---|---|---|---|---|---|---|---|---|---|---|---|---|---|
| Central Library, Naharkatiya College | Central Library, Naharkatiya College | General Stacks | 19/09/2020 | 030 | BOR | 21535 | 19/09/2020 | 1 | 19/09/2020 | Books |
